000 00453nam a2200121Ia 4500
008 220620s9999||||xx |||||||||||||| ||und||
245 0 _aReligious Minorities in the Middle East
_bDomination, Self-Empowerment, Accommodation
546 _aEnglish[eng]
650 _aSocial Science||Sociology||General
700 _aRoald, Anne Sofie||Nga Longva, Anh
856 _uhttps://library.oapen.org/bitstream/20.500.12657/43458/1/external_content.pdf
942 _cEB
999 _c32064
_d32064